Guess that 2025 movie release - Statistics

General Stats
  • This quiz has been taken 14 times
  • The average score is 10 of 15
Answer Stats
Hint Answer % Correct
Jake and Neytiri's family grapples with grief, encountering a new, aggressive Na'vi tribe, the Ash People, who are led by the fiery Varang, as the conflict on Pandora escalates and a new moral focus emerges. Avatar: Fire and Ash
92%
Marty Mauser, a young man with a dream no one respects, goes to hell and back in pursuit of greatness. Marty Supreme
92%
This popular hero must reconcile his alien Kryptonian heritage with his human upbringing as reporter Clark Kent. As the embodiment of truth, justice and the American way he soon finds himself in a world that views these as old-fashioned. Superman
92%
Brave rabbit cop Judy Hopps and her friend, the fox Nick Wilde, team up again to crack a new case, the most perilous and intricate of their careers. Zootopia 2
92%
A brilliant but egotistical scientist, brings a creature to life in a monstrous experiment that ultimately leads to the undoing of both the creator and his tragic creation. Frankenstein
83%
Two conspiracy-obsessed young men kidnap the high-powered CEO of a major company, convinced that she is an alien intent on destroying planet Earth. Bugonia
75%
In late 16th-century England, Agnes, a healer sensitive to the world around her, builds a home with William, a local tutor and aspiring playwright. As their lives fracture, they are tested by distance, silence, and grief. Hamnet
75%
Forced to balance their roles as heroes with the strength of their family bond, the these four individuals must defend Earth from a ravenous space god called Galactus and his enigmatic herald, the Silver Surfer. The Fantastic Four: First Steps
75%
When all but one child from the same class mysteriously vanish on the same night at exactly the same time, a community is left questioning who or what is behind their disappearance. Weapons
75%
After breaking the mysterious "One Wish Willow" to win his crush's heart, a hopeless romantic finds himself getting exactly what he asked for but soon discovers that some desires come at a dark, sinister price. Obsession
67%
Trying to leave their troubled lives behind, twin brothers return to their hometown to start again, only to discover that an even greater evil is waiting to welcome them back. Sinners
58%
As Finn, now 17, struggles with life after his captivity, his sister begins receiving calls in her dreams from the black phone and seeing disturbing visions of three boys being stalked at a winter camp known as Alpine Lake. Black Phone 2
50%
When a 15th-century prince denounces God after the loss of his wife he inherits an eternal curse: he becomes Dracula. Condemned to wander the centuries, he defies fate and death, guided by a single hope - to be reunited with his lost love. Dracula
42%
A weekend getaway with friends at a remote cabin turns into chaos after it's revealed that one of the guests is not what they seem. Companion
17%
A mother and daughter must grapple with what's left after a devastating accident reveals a shocking betrayal and forces them to confront family secrets, redefine love, and rediscover themselves. Regretting You
8%
No matching quizzes found
Score Distribution
Percent of People with Each Score
Percentile by Number Answered
Your Score History
You have not taken this quiz